Anyone but Gerald Ford Quiz Stats

Quiz Updated Feb 22, 2018

Challenge
Share
Tweet
Embed
Score 0/50 Timer 04:00
2 Plays Today
% Correct
George W. Bush
96.9%
George W. Bush
96.9%
George H. W. Bush
96.8%
Barack Obama
93.8%
Barack Obama
93.8%
Richard Nixon
91.1%
John F. Kennedy
90.8%
John F. Kennedy
90.8%
Andrew Johnson
90.8%
Lyndon B. Johnson
90.7%
Jimmy Carter
89.8%
Jimmy Carter
89.8%
Ronald Reagan
88.2%
John Quincy Adams
87.3%
Bill Clinton
85.9%
Harry S. Truman
83.3%
Harry S. Truman
83.3%
Abraham Lincoln
83.2%
William H. Harrison
82.1%
Dwight D. Eisenhower
82.1%
Benjamin Harrison
81.9%
Andrew Jackson
81.2%
Herbert Hoover
78.9%
James K. Polk
78.7%
Ulysses S. Grant
78.3%
% Correct
Ulysses S. Grant
78.3%
Donald Trump
77.6%
Donald Trump
77.6%
James Madison
77%
John Tyler
76.4%
John Tyler
76.4%
John Tyler
76.4%
Woodrow Wilson
74.8%
Zachary Taylor
74.1%
Zachary Taylor
74.1%
William McKinley
73.3%
William McKinley
73.3%
James Monroe
73%
Calvin Coolidge
72.5%
James A. Garfield
72.2%
James A. Garfield
72.2%
James A. Garfield
72.2%
Warren G. Harding
66.8%
Warren G. Harding
66.8%
Franklin Pierce
64.2%
James Buchanan
61.5%
Chester A. Arthur
61.2%
Millard Fillmore
59.6%
Millard Fillmore
59.6%
Rutherford B. Hayes
59.2%

You're not logged in!

Compare scores with friends on all Sporcle quizzes.
Sign Up with Email
OR
Log In

You Might Also Like...

Show Comments

Extras

Top Quizzes Today


Score Distribution

Your Account Isn't Verified!

In order to create a playlist on Sporcle, you need to verify the email address you used during registration. Go to your Sporcle Settings to finish the process.

Report this User

Report this user for behavior that violates our Community Guidelines.

Details: